• 首页
  • 本馆介绍
  • 公告通知
  • 最新文献
  • 馆藏检索
  • 电子资源
  • 读者导购
  • 参考咨询
  • 我的图书馆
  • 登录
  • 详细信息显示
  • 放入我的书架
  • 预约/预借图书
  • 作者相关作品
  • 分类相关作品
  • 丛书相关作品
  • 出版社相关作品

书目信息

  • 表格格式
  • 工作单格式
  • 卡片格式
题名:
全国计算机等级考试上机考试题库
    
 
作者: ;全国计算机等级考试命题研究中心 , 未来教育教学与研究中心 , 全国计算机等级考试命题研究中心 主编
分册:   三级嵌入式系统开发技术
出版信息: 成都   电子科技大学出版社  2016
页数: 211页
开本: 26cm
丛书名:
单 册:
中图分类: TP3 , TP360.21
科图分类:
主题词: 电子计算机--考核--试题 , 微型计算机--系统开发--考核--试题
电子资源:
ISBN: 978-7-5647-3659-0
000 01388nam0 2200289 450
001 2336003329
005 20231217100228.65
010    @a978-7-5647-3659-0@dCNY 49.00
100    @a20161212d2016 em y0chiy0120 ea
101 0  @achi
102    @aCN@b510000
105    @aa q 000yy
200 1  @a全国计算机等级考试上机考试题库@Aquan guo ji suan ji deng ji kao shi shang ji kao shi ti ku@f全国计算机等级考试命题研究中心@i三级嵌入式系统开发技术
210    @a成都@c电子科技大学出版社@d2016
215    @a211页@c图@d26cm
304    @a英文共同题名:National computer rank examination
312    @a版权页题:全国计算机等级考试命题研究中心,未来教育教学与研究中心主编
330    @a本书分为上机考试指南、上机考试题库、参考答案与解析、新增真考题库试题与解析四部分,介绍了最新考试大纲、考试环境及简介、考试流程演示,并收录了9套真考题库试题及新增真考题库试题,附有能参考答案与解析。
606 0  @a电子计算机@x考核@x试题
606 0  @a微型计算机@x系统开发@x考核@j试题
690    @aTP3@v5
690    @aTP360.21@v5
711 02 @a全国计算机等级考试命题研究中心@Aquan guo ji suan ji deng ji kao shi ming ti yan jiu zhong xin@4主编
711 02 @a未来教育教学与研究中心@Awei lai jiao yu jiao xue yu yan jiu zhong xin@4主编
711 02 @a全国计算机等级考试命题研究中心@Aquan guo ji suan ji deng ji kao shi ming ti yan jiu zhong xin
801  2 @aCN@b辽宁北配@c20231205
905    @aBZT@dTP3@e174:1
    
    全国计算机等级考试上机考试题库/全国计算机等级考试命题研究中心.三级嵌入式系统开发技术.-成都:电子科技大学出版社,2016
    211页:图;26cm
    
    
    ISBN 978-7-5647-3659-0:CNY 49.00
    本书分为上机考试指南、上机考试题库、参考答案与解析、新增真考题库试题与解析四部分,介绍了最新考试大纲、考试环境及简介、考试流程演示,并收录了9套真考题库试题及新增真考题库试题,附有能参考答案与解析。
●
相关链接 在五车中查询图书 在当当中查询图书 在豆瓣中查询图书


正题名:全国计算机等级考试上机考试题库     索取号:TP3/174:1         预约/预借

序号 登录号 条形码 馆藏地/架位号 状态 备注
1 2001626166   2001626166   辽三/辽宁北配(第三批)/2661/ [索取号:TP3/174:1] 在馆    
2 2001626167   2001626167   辽三/辽宁北配(第三批)/2661/ [索取号:TP3/174:1] 在馆    
3 2001626168   2001626168   辽三/辽宁北配(第三批)/2661/ [索取号:TP3/174:1] 在馆    
4 2001626169   2001626169   辽三/辽宁北配(第三批)/2661/ [索取号:TP3/174:1] 在馆    
5 2001626170   2001626170   辽三/辽宁北配(第三批)/2661/ [索取号:TP3/174:1] 在馆    
6 2001626171   2001626171   辽三/辽宁北配(第三批)/2661/ [索取号:TP3/174:1] 在馆    
7 2001626172   2001626172   辽三/辽宁北配(第三批)/2661/ [索取号:TP3/174:1] 在馆    
8 2001626173   2001626173   辽三/辽宁北配(第三批)/2661/ [索取号:TP3/174:1] 在馆    
9 2001626174   2001626174   辽三/辽宁北配(第三批)/2661/ [索取号:TP3/174:1] 在馆    
10 2001626175   2001626175   辽三/辽宁北配(第三批)/2661/ [索取号:TP3/174:1] 在馆    
山东省滨州职业学院图书馆 欢迎您!
大连网信软件有限公司© 版权所有